MARC

LEADER 00000nam0a2200000 4500
001 244992
005 20231101232110.0
035 |a (RuTPU)RU\TPU\book\266392 
090 |a 244992 
100 |a 20131101d1962 m y0rusy50 ca 
101 0 |a rus 
102 |a RU 
105 |a a z 001ab 
200 1 |a Марат  |f А. З. Манфред  |g под ред. М. Брухнов ; худож. П. Бунин 
210 |a Москва  |c Молодая гвардия  |d 1962 
215 |a 352 с.  |c ил. 
225 1 |a Жизнь замечательных людей. Серия биографий  |h вып. 8 
320 |a Основные даты жизни и деятельности: с. 347-349 
320 |a Краткая библиография: с. 350-351 
600 1 |a Марат  |b Ж. П.  |c французский революционер  |c один из вождей якобинцев  |f 1743-1793  |g Жан Поль  |2 stltpush  |3 (RuTPU)RU\TPU\pers\13111  |9 3796 
606 1 |a Великая французская революция 1789-1799  |2 stltpush  |3 (RuTPU)RU\TPU\subj\68051  |9 83589 
610 1 |a Французская революция 1789-1799 
610 1 |a французские патриоты 
610 1 |a французские революционные войны 
610 1 |a революционеры 
610 1 |a якобинцы 
675 |a Т3(4Фра)5  |v 3 
700 1 |a Манфред  |b А. З.  |c российский историк  |f 1906-1976  |g Альберт Захарович  |2 stltpush  |3 (RuTPU)RU\TPU\pers\9745  |4 070  |9 1982 
702 1 |a Брухнов  |b М.  |4 340 
702 1 |a Бунин  |b П.  |4 440 
801 1 |a RU  |b 63413507  |c 20131101 
801 2 |a RU  |b 63413507  |c 20220112  |g RCR 
942 |c BK